Isaac of Nineveh (Record no. 1654)

MARC details
000 -LEADER
fixed length control field 00657nam a2200253 a 4500
020 ## - INTERNATIONAL STANDARD BOOK NUMBER
ISBN
082 00 - DEWEY DECIMAL CLASSIFICATION NUMBER
Classification number 248.22
Author Cutter WEN
100 ## - MAIN ENTRY--AUTHOR NAME
Author name Wensinck, A J
245 ## - TITLE STATEMENT
Title Isaac of Nineveh
Sub title Tr.From Bedjan`s Syriac Text With an Introduction and Reg
260 ## - PUBLICATION, DISTRIBUTION, ETC. (IMPRINT)
Place of publication Amsterdam
Name of publisher Uitgave Der
Year of publication 1923
300 ## - PHYSICAL DESCRIPTION
Number of Pages 400p
500 ## - GENERAL NOTE
General note includes index and biblioraphy
505 2# - FORMATTED CONTENTS NOTE
Formatted contents note reference
650 ## - SUBJECT ADDED ENTRY--TOPICAL TERM
Topical Term Mysticism-Christianity
650 ## - SUBJECT ADDED ENTRY--TOPICAL TERM
Topical Term Isaac of Nineveh
942 ## - ADDED ENTRY ELEMENTS (KOHA)
Koha item type Books
700 1# -
-- Wensinck, A J
Holdings
Home library Current library Date acquired Cost, normal purchase price Full call number Accession Number Koha item type
Henry Martyn Institute Library Henry Martyn Institute Library 05/24/2005 0.00 248.22 WEN 1573 Archive Book
                   Copyright © 2026 | Henry Martyn Institute | Hyderabad | TS-500052 | INDIA | Implemented by hmi.edu.in
Hit-Count:

Powered by Koha